00746naa a2200241 i 450000100060000000300090000600500170001500800410003202100070007303500220008004000130010204100080011504300080012310000210013124500620015252000610021465100200027565000340029577300930032994200090042299900170043195200560044858392ES-MaBCM20241016112008.0990217s1999 gbr 000 0 eng d axx a(OCoLC)1365154946 cES-MaBCM0 aeng agbr1 aWiwa, Ken94961610aIs there life in the crippled giant?b: NigeriacKen Wiwa aEl artículo anterior es sobre el mismo tema (p. 10-12)20aNigeria911869927aSituación política9602830 aEn:tThe world todaydLondon : 1999w104754gvol. 55, no. 2, Feb., p. 13-14. - Loc. S.88 cAREV c58392d58392 00104070aBCbBCd2012-04-21l0w2012-04-21yAREV